000 006830000a22001930004500
041 0 _aSPA
082 0 4 _aG 238.5 U822c
100 1 _aUrsino, Zacarías (1534-1583)
245 1 0 _aEl Catecismo de Heidelberg : Enseñanza de la doctrina cristiana / Zacarías Ursino, Gaspar Oleviano ; Juan Aventrot, Traductor
260 _aRijwijk, Países Bajos : Fundación Editorial de Literatura Reformada
300 _a63 Pag
500 _aPublicado por primera vez en 1563 en Heidelberg
650 1 4 _aIGLESIA REFORMADA - CATECISMOS Y CREDOS
001 4455
942 _cBK
999 _c35051
_d35051
336 _atexto
_btxt
_2rdacontent
337 _2rdamedia
_asin mediación
_bn
338 _2rdacarrier
_avolumen
_bnc